[Event "Reggio Emilia 53rd"]
[Site "Reggio Emilia"]
[Date "2011.01.01"]
[Round "1"]
[White "Morozevich, Alexander"]
[Black "Navara, David"]
[Result "1-0"]
[WhiteElo "2700"]
[BlackElo "2708"]
[Annotator "Krasenkow,M"]
[PlyCount "75"]
[EventDate "2010.12.28"]
[EventType "tourn"]
[EventRounds "9"]
[EventCountry "ITA"]
[EventCategory "18"]
[SourceTitle "CBM 140"]
[Source "ChessBase"]
[SourceDate "2011.01.18"]
[SourceVersion "1"]
[SourceVersionDate "2011.01.18"]
[SourceQuality "1"]

1. d4 d5 2. c4 c6 3. Nf3 Nf6 4. Nc3 e6 5. e3 Nbd7 6. Bd3 dxc4 7. Bxc4 b5 8. Bd3
Bd6 9. O-O O-O 10. Qc2 Bb7 11. a3 a6 12. b4 a5 13. Rb1 axb4 14. axb4 Qe7 15. e4
e5 16. Ne2 Bxb4 17. Ng3 g6 18. dxe5 Ng4 19. Bg5 Qc5 20. e6 {This line was
examined in CBM 124 (annotations to Svidler - Karjakin).} (20. Bf4 Rfe8) 20...
fxe6 (20... Nde5 21. Nxe5 Nxe5 22. Bf6 $1 Qxc2 $2 (22... Ng4 23. e5 Nxf6 24.
exf6 fxe6 25. Qb3 $16 {1/2 Thejkumar,M (2439)-Shreyansh,D (2287)/Mumbai 2010/
CBM 136 Extra (70)}) (22... Nxd3 $142 23. Qxd3 fxe6 24. e5 Qc3 25. Qe4 $5 $44)
23. Bxc2 Bd6 24. Bb3 fxe6 25. Bxe6+ Nf7 26. f4 $14 {1-0 Svidler,P (2746)
-Karjakin,S (2732)/Baku 2008/CBM 124/[Krasenkow] (40)}) 21. Qb3 Nde5 22. Qxe6+
Rf7 $1 (22... Kg7 $2 23. Nxe5 Nxe5 24. Rxb4 Nxd3 25. Be7) 23. Nxe5 Nxe5 24. Be2
(24. Be3 Qd6) 24... Bc8 25. Qb3 Bc3 $6 {The pieces are in the wrong positions.}
(25... Ba5 $142 26. Be3 Qe7 $1 27. f4 $140 Be6 28. Qc2 Nc4) (25... Ra4 $5) 26.
Be3 {1/2 Levin,E (2500)-Yevseev,D (2520)/St Petersburg 2010/CBM 137 GM
Alexander Morozevich proves that it is too early to agree a draw here!} Qa3 (
26... Bd4 $5 27. Rbc1 Qa7 28. Bxd4 Qxd4 29. Kh1 $36 {[%cal Yf2f4]}) 27. f4 $1
Ng4 28. Qxa3 Rxa3 29. Bc5 Ra4 30. Rbd1 $16 {[%csl Rc6][%cal Yd1d6] White has a
lot of positional factors in his favour: he controls the crucial d-file (and
the a-file is unimportant); his passed pawns are more mobile than Black's 
(moreover, Black's c6-pawn is rather weak); the black king is exposed; finally,
White's pieces are generally better co-ordinated (look at Black's hanging
g4-knight!). All that guarantees him a big advantage. In fact, White wins at
least a pawn.} Ba5 (30... Bf6 $142 31. Rd6 Be7 32. Rxc6 Bd7 33. Rc7 Bxc5+ 34.
Rxc5 $16) 31. Rd6 Nf6 32. Bd1 $1 {[%csl Rf7,Rg8][%cal Rd1b3]} Nxe4 33. Nxe4
Rxe4 34. Bb3 Rc4 35. Bxc4 bxc4 36. Ra1 Bc7 37. Ra8 Bxd6 38. Bxd6 1-0

[Event "Moscow Tal Memorial 1st"]
[Site "Moscow"]
[Date "2006.11.12"]
[Round "6"]
[White "Mamedyarov, Shakhriyar"]
[Black "Gelfand, Boris"]
[Result "1/2-1/2"]
[WhiteElo "2728"]
[BlackElo "2733"]
[Annotator "Krasenkow,M"]
[PlyCount "55"]
[EventDate "2006.11.06"]
[EventType "tourn"]
[EventRounds "9"]
[EventCountry "RUS"]
[EventCategory "20"]
[SourceTitle "CBM 116"]
[Source "ChessBase"]
[SourceDate "2007.02.01"]
[SourceVersion "1"]
[SourceVersionDate "2007.02.01"]
[SourceQuality "1"]

1. d4 d5 2. c4 c6 3. Nc3 Nf6 4. e3 e6 5. Nf3 Nbd7 6. Bd3 dxc4 7. Bxc4 b5 8. Bd3
Bb7 9. e4 b4 10. Na4 c5 11. e5 Nd5 12. Nxc5 Nxc5 13. dxc5 Bxc5 14. O-O h6 15.
Nd2 {This old theoretical line was examined by GM C.Lutz in CBM 73 
(annotations to Bacrot-Fressinet). However, he didn't pay enough attention to
Black's most serious option.} Nc3 $1 16. Qc2 Qd5 17. Nf3 Rd8 18. Ne1 Bd4 $1 19.
Bd2 Nb5 (19... Ne4 $143 20. Bxb4 Bxe5 21. Rd1 Bd4 (21... Ng5 22. a4 Nh3+ 23.
Kh1 a6 24. Bxa6 Qxd1 25. Bb5+ $18 {1-0 Vaganian,R-Bergez,L/Belgium 2002/EXT
2004 (30)}) 22. Qe2 a6 23. Bxa6 Bxa6 24. Qxa6 e5 25. Qa4+ Rd7 26. Rc1 $18 {
1-0 Dautov,R-Dreev,A/Tbilisi 1989/CBM 012/[Bulletin] (43)}) 20. Nf3 $146 {
An unsuccessful novelty.} (20. Bxb4 {is crucial, denying Black's right to
castle. Still, Black has no problems:} Bxe5 (20... Bb6 21. Qc4 Nd4 22. Qxd5
Rxd5 23. Bd6 Nf5 24. Bc4 Rd4 25. Bb5+ Kd8 26. Ba3 Rd5 27. Bc4 Rxe5 28. Nd3 Re4
29. Rfd1 Kc7 30. Rac1 Kb8 31. Nc5 $16 {1-0 Polugaevsky,L-Mecking,H/Manila 1975/
Inf 20 (57)}) (20... Qxe5 $5 21. Nf3 $6 (21. Rd1 $142) 21... Bxf3 22. gxf3 Nd6
23. Qc6+ Ke7 24. Rae1 Qg5+ 25. Kh1 Qf4 26. Re4 $2 Qxf3+ 27. Kg1 Qxd3 28. Qc7+
Ke8 29. Qc6+ Kf8 30. Bxd6+ Kg8 $19 {0-1 Morais,V-Sandstroem,B/ICCF 1997/ICCF
Telechess CBM 112 (44)}) 21. Rc1 (21. Rd1 $5 a6 (21... Nd4 $142 22. Qc5 Nc6 $1
$11) 22. Bxb5+ Qxb5 23. Rxd8+ Kxd8 24. Nd3 Qd5 25. f3 Bd4+ 26. Kh1 Qc6 27. Qd2
$16 {[%csl Rd8] 1-0 Giulian,P-Bryson,D/Edinburgh 1988/TD (35)}) (21. Bc4 Nd4
22. Bxd5 Nxc2 23. Bxb7 Nxb4 24. a3 Nd3 25. Nxd3 Rxd3 26. Rad1 Rxd1 27. Rxd1
Bxb2 28. Bc6+ Ke7 29. Rd7+ Kf6 30. Rxa7 Rd8 $11 {1/2-1/2 Taylor,G-O'Donnell,T/
Canada 1989/EXT 97 (40)}) 21... a6 (21... Bd6 $5 22. Bxd6 Rxd6 23. Bxb5+ Qxb5
24. Qc7 Qb6 25. Nf3 O-O $11 {1-0 Nigametzianov,M-Kmet,A/Dagomys 2004/EXT 2005 
(35)}) 22. Qa4 Bd6 (22... Qd7 23. b3 Nd4 24. Qa3 Bf6 25. Bc5 Nb5 26. Qb4 Bb2
27. Rd1 Nc3 28. Rd2 Nd5 29. Qc4 Bc3 30. Rc2 Bf6 31. Be2 {1/2-1/2 Sander,I-Kahl,
F/ICCF Email 2001}) 23. Bxd6 Rxd6 24. Qb4 (24. Rc4 f5 $6 (24... Qe5 $11) 25.
Be2 Rc6 26. b3 Qd7 27. Nd3 O-O 28. Nc5 Qc8 29. Nxb7 Qxb7 30. Bf3 Rxc4 31. bxc4
Nc3 32. Qa5 $14 {1/2-1/2 Seres,L-Ceteras,M/Gyor 1991/EXT 97 (69)}) 24... O-O (
24... Rd7 25. Rc5 Qd4 26. Rc4 Qd6 27. Be4 Qxb4 {1/2-1/2 Shalimov,V-Sumets,A/
Kharkov 1999/EXT 2000}) 25. Rc5 Qd4 26. Rc4 Qb6 27. a4 Na7 28. a5 Qxb4 29. Rxb4
Nb5 $11 30. Bxb5 $6 axb5 31. Rb3 Ra8 $17 {0-1 Magerramov,E-Bagirov,V/USSR 1976/
Inf 21 (55)}) 20... Bb6 $1 (20... Bxe5 21. Bxb5+ Qxb5 22. Nxe5 Qxe5 23. Qa4+
Kf8 (23... Rd7 24. Bxb4 {[%csl Re8]}) 24. Rad1 $14) 21. Bc4 Qc5 (21... Qc6 $143
22. Bxb4 Nd4 23. Qc3 Nxf3+ 24. gxf3 Rd4 (24... Bd4 25. Qb3 Bxe5 26. Rfd1) 25.
Be2 {and Black has problems due to his uncastled king (V.Emelin).}) 22. Be3 Qc6
23. Qe2 Nc7 24. Rac1 Bxe3 25. fxe3 $6 {Too optimistic.} (25. Qxe3 $142 Qb6 26.
Qxb6 axb6 27. Bb3 Nd5 $11) 25... O-O 26. Bd3 Qb6 27. Nd2 Ba6 (27... Nd5 $5 28.
Nc4 Qc5 {was an attempt to play for a win.}) 28. Bxa6 (28. Bxa6 Qxa6 29. Qxa6
Nxa6 30. Nb3 {and the activity of White's pieces compensates his destroyed
pawn structure.}) 1/2-1/2

[Event "EU-Cup 13th final"]
[Site "Kazan"]
[Date "1997.12.28"]
[Round "1"]
[White "Krasenkow, Michal"]
[Black "Novikov, Igor A"]
[Result "1-0"]
[WhiteElo "2645"]
[BlackElo "2590"]
[Annotator "Krasenkow,M"]
[PlyCount "123"]
[EventDate "1997.12.28"]
[EventType "team-k.o."]
[EventRounds "4"]
[EventCountry "RUS"]
[SourceTitle "EXT 2020"]
[Source "ChessBase"]
[SourceDate "2019.10.17"]
[SourceVersion "1"]
[SourceVersionDate "2019.10.17"]
[SourceQuality "1"]
[WhiteTeam "Azov Ladya"]
[BlackTeam "Graz Merkur Versicherung"]
[WhiteTeamCountry "RUS"]
[BlackTeamCountry "AUT"]

1. d4 {Lutz} d5 2. c4 c6 3. Nc3 Nf6 4. e3 e6 5. Nf3 Nbd7 6. Bd3 dxc4 7. Bxc4 b5
8. Bd3 Bb7 9. O-O b4 10. Ne4 Be7 11. a3 bxa3 12. bxa3 O-O 13. Rb1 Qc7 14. Nxf6+
Nxf6 15. e4 c5 16. Bf4 Qc8 (16... Qxf4 {Lutz} 17. Rxb7 $16 {(B.Gelfand; A.
Huzman)}) 17. Bg5 $5 $146 (17. Qe2 {Lutz} c4 18. Bc2 Bxa3 $5 (18... g6 $6 19.
Ne5 $16 {1-0 Gelfand,B-Brenninkmeijer,J/Wijk aan Zee 1992 (56)}) 19. e5 (19.
Rxb7 Qxb7 20. e5 Nd5 21. Bxh7+ Kh8 $1 $19) 19... Bxf3 20. Qxf3 Nd5 21. Bh6 c3
$1 22. Qg4 g6 23. Bxf8 Kxf8 $44 {(B.Gelfand; A.Huzman)}) 17... h6 $6 (17...
cxd4 $5 18. Qb3 Bc6 19. Rfc1 Qe8 20. Nxd4 Ba4 21. Qb2 $10) 18. Bxf6 Bxf6 19.
dxc5 $16 Rd8 20. Qc2 $6 (20. Qe2 $142 $16) 20... Qc7 21. Rfc1 Rac8 22. Bb5 Bc6
23. g3 Bxb5 24. Rxb5 Qc6 25. Rb4 Rc7 26. Qb1 Qa6 27. a4 Qe2 $6 (27... Rdc8 28.
Rbc4 Rb7 29. Qa2 Qc6 30. Rb1 Rd7 $16) 28. Kg2 Qa6 {#} 29. Rb8 $1 Qxa4 30. e5
Be7 31. Rxd8+ Bxd8 32. Qb8 Qd7 33. c6 Qc8 34. Qb5 Re7 35. Nd2 Bb6 36. Nc4 Qd8
37. Nd6 (37. Nxb6 axb6 38. Rb1 Rc7) 37... Rc7 38. Qc4 Qe7 39. Rc3 Qg5 40. Nb5
Rc8 41. Qe2 Qd8 42. Nd6 Rc7 43. Qe4 Qg5 44. Rc2 Qe7 45. h4 Qf8 $2 (45... Qd8
46. Rd2 {/\Rd3,Nb7+-}) 46. Rd2 $2 (46. Nb5 Rc8 47. c7 a6 48. Qb7 axb5 49. Qxb6
{/\Rd2-d8} Qe7 50. Qxb5 $18) 46... Re7 47. Nb7 f6 $6 (47... Qc8 $142) 48. exf6
Qxf6 49. Nd6 e5 50. Nb5 Qe6 (50... Rf7 51. Rc2 $18) 51. Rc2 Re8 52. c7 Rc8 53.
Qb7 Qd7 54. Rd2 Bd4 (54... Qe6 55. Rd6 Qf5 56. Rxb6 axb6 57. Nd6 $18) 55. f4 $1
a6 56. Qxa6 Rxc7 57. Nxc7 Qxc7 58. Qa8+ Kf7 59. Qd5+ Kf8 (59... Ke7 60. fxe5
Bxe5 61. Re2 Kf6 62. Rf2+) 60. Ra2 Qc1 61. Qd8+ Kf7 62. Qd7+ 1-0

[Event "EU-Cup 32nd"]
[Site "Novi Sad"]
[Date "2016.11.08"]
[Round "3.1"]
[White "Sjugirov, Sanan"]
[Black "Harikrishna, Pentala"]
[Result "1-0"]
[WhiteElo "2664"]
[BlackElo "2768"]
[Annotator "Krasenkow,M"]
[PlyCount "113"]
[EventDate "2016.11.06"]
[EventType "team-swiss"]
[EventRounds "7"]
[EventCountry "SRB"]
[SourceTitle "CBM 176"]
[Source "ChessBase"]
[SourceDate "2017.01.17"]
[SourceVersion "1"]
[SourceVersionDate "2017.01.17"]
[SourceQuality "1"]
[WhiteTeam "Zhiguli"]
[BlackTeam "Novy Bor"]
[WhiteTeamCountry "RUS"]
[BlackTeamCountry "CZE"]

1. d4 Nf6 2. c4 e6 3. Nf3 d5 4. Nc3 c6 5. e3 Nbd7 6. Bd3 dxc4 7. Bxc4 b5 8. Bd3
Bd6 9. O-O O-O 10. Bd2 {One of White's popular and promising replies to the 8..
.Bd6 system.} Bb7 11. Rc1 Rc8 12. a3 $1 a5 13. e4 e5 14. dxe5 Nxe5 15. Nxe5
Bxe5 {The resulting pawn structure, with Black's backward c6-pawn, is rather
favorable for White; however, Black has active pieces... except his b7-bishop!}
16. Qe2 (16. Be3 $6 Re8 17. Qe2 Bxc3 18. Rxc3 Nxe4 $17 {0-1 (25) Chatterjee,D 
(2335)-Andriasian,Z (2619) Visakhapatnam 2011}) 16... Re8 17. Rfd1 (17. f3 $6
Qd6 18. f4 Bd4+ (18... Rcd8 19. fxe5 Qxd3 20. exf6 Qxe2 21. Nxe2 Rxd2 22. Ng3
Rxb2 23. fxg7 $13 {1-0 (58) Mamedyarov,S (2726)-Inarkiev,E (2707) Konya 2012})
19. Kh1 b4 20. e5 bxc3 21. bxc3 Bxe5 22. fxe5 Rxe5 23. Bf4 Rxe2 24. Bxd6 Rd2
25. Rfd1 Rxd1+ 26. Rxd1 c5 $17 {1/2 (56) Makhmutov,R (2410)-Gonzalez de la
Torre,S (2450) Bilbao 2014}) 17... Qe7 (17... Qd6 {is probably more accurate:}
18. g3 Rcd8 $5 (18... Qe7 19. f3 h5 20. Be3 Rcd8 21. Bb1 Bc8 22. Bb6 Rxd1+ 23.
Nxd1 h4 24. f4 Bb8 25. Nf2 $16 {1-0 (33) Khismatullin,D (2656)-Maletin,P (2575)
Khanty-Mansiysk 2011}) (18... Qe6 19. f3 h5 20. Be3 (20. Bg5 {0-1 (84)
Timofeev,A (2534)-Hovhannisyan,R (2599) Kazan 2015} Rcd8 {[%cal Yb7c8]}) 20...
h4 (20... g6 21. Qf2 Rcd8 22. Bf1 Rd7 23. Rxd7 Nxd7 24. Rd1 $14 {1/2 (70)
Smirnov,P (2641)-Goryachkina,A (2438) Khanty-Mansiysk 2013}) 21. g4 Nh7 22. g5
$14 {1/2 (22) Brodsky,M (2558)-Kharitonov,A (2542) Cappelle-la-Grande 2012})
19. Bb1 Qe7 (19... Qe6 20. f3 Bd4+ 21. Be3 Bxe3+ 22. Qxe3 Bc8 23. Ba2 Qe7 24.
Ne2 Rxd1+ 25. Rxd1 Be6 26. Bxe6 Qxe6 27. Nd4 $16 {1/2 (57) Shariyazdanov,A 
(2568)-Yagupov,I (2414) Kazan 2014}) 20. f3 Bc8 $1 21. Be3 Be6 {(Black has
activated his light-squared bishop, which was his main headache!)} 22. Kg2 h5
23. Qf2 Bb3 24. Rxd8 Rxd8 25. Bb6 Ra8 $11 {0-1 (50) Makhmutov,R (2448)-Ter
Sahakyan,S (2580) Jerusalem 2015}) 18. f3 Nd7 $6 {[%mdl 32] This move is
rather passive. White easily obtains a clear advantage.} (18... h6 19. Be3 Nh5
20. g3 $14 (20. Qf2 $143 Nf4 {1-0 (58) Nakhbayeva,G (2336)-Sebag,M (2480)
Tromso 2014})) (18... h5 19. Be3 Qd6 20. g3 Qe6 21. Qf2 ({or} 21. Bb1 Ba6 (
21... h4 22. g4 Nh7 23. g5 Nf8 24. f4 Bxc3 25. Rxc3 $16 {1-0 (31) Bukavshin,I 
(2522)-Potkin,V (2665) Moscow 2013}) 22. Ba2 $1 (22. Bc5 b4 23. Qxa6 bxc3 24.
bxc3 h4 25. Bf2 hxg3 26. hxg3 Nh5 $40 {0-1 (36) Khmelniker,I (2518)-Erdos,V 
(2608) Trieste 2011}) 22... Qh3 23. Bd4 $14) 21... Rcd8 22. Bf1 Rxd1 23. Rxd1 (
23. Nxd1 Rd8 24. Nc3 Nd7 25. Rc2 b4 26. axb4 axb4 27. Ne2 $14 {1/2 (87) Harika,
D (2528)-Sebag,M (2488) Cap d'Agde 2016}) 23... h4 24. Rd2 hxg3 25. hxg3 $14
Nh5 26. Ne2 f5 $6 27. Bh3 g6 28. f4 Bc7 29. e5 $16 {1/2 (116) Sjugirov,S (2624)
-Jakovenko,D (2741) Novosibirsk 2012}) (18... Rcd8 19. Be3 Rd7 (19... Bc8 $5
20. Bb6 Rd6) 20. Rc2 h6 21. Qf2 Ba6 22. Bc5 Qe6 23. Ne2 $14 (23. Rcd2 $143 Rxd3
$1 24. Rxd3 b4 25. Rd6 Qb3 26. Nb1 Bxd6 27. Rxd6 Qc4 28. Rd1 Nd7 29. axb4 {
1/2 (29) Fressinet,L (2715)-Gozzoli,Y (2551) Belfort 2012})) 19. f4 $1 Bd4+ (
19... Bb8 20. e5 f6 21. Bf5 $1 fxe5 22. Ne4 exf4 23. Bb4 $1 Qf7 (23... Qe5 $2
24. Qh5 g6 25. Qh4 $1 Rcd8 {1-0 (39) Wojtaszek,R (2683)-Pashikian,A (2616)
Khanty-Mansiysk 2011} 26. Bxd7 Qxe4 27. Bc5 $18) 24. Bxd7 axb4 25. Qd3 $16) 20.
Be3 Bxe3+ 21. Qxe3 f6 (21... Qc5 {1-0 (49) Bukavshin,I (2476)-Hovhannisyan,R 
(2612) St Petersburg 2012} 22. Qf2 $16) 22. e5 $1 {[%mdl 64]} Qc5 (22... fxe5
$2 23. Bxh7+ Kxh7 24. Qh3+ Kg8 25. Rxd7 $18) 23. Nd5 $1 Qxe3+ 24. Nxe3 {
[%cal Rd3h7,Rd3f5]} Nf8 25. Nf5 $1 Rb8 26. Nd6 {[%csl Gd6]} Re7 27. Bb1 $18 {
White's d6-knight dominates the board. The rest is quite easy.} h5 28. Ba2+ Kh7
29. exf6 gxf6 30. Rc5 Bc8 31. Rxh5+ Kg6 32. Rh8 Bg4 33. Rg8+ Rg7 34. Bb1+ f5
35. Rxg7+ Kxg7 36. Nxf5+ Bxf5 37. Bxf5 c5 38. Rd5 c4 39. Rc5 Kf6 40. g4 Ke7 41.
Kf2 Kd6 42. Rc8 Rxc8 43. Bxc8 Ng6 44. Ke3 b4 45. axb4 axb4 46. Bf5 Ne7 47. Be4
Kc5 48. f5 Nc8 49. f6 Kd6 50. g5 Nb6 51. g6 Nd7 52. f7 Ke7 53. Bd5 Nb6 54. Be6
Kf8 55. h4 c3 56. bxc3 bxc3 57. h5 1-0

[Event "Moscow Tal Memorial 2nd"]
[Site "Moscow"]
[Date "2007.11.14"]
[Round "5"]
[White "Mamedyarov, Shakhriyar"]
[Black "Gelfand, Boris"]
[Result "1/2-1/2"]
[WhiteElo "2752"]
[BlackElo "2736"]
[Annotator "Krasenkow,M"]
[PlyCount "58"]
[EventDate "2007.11.10"]
[EventType "tourn"]
[EventRounds "9"]
[EventCountry "RUS"]
[EventCategory "20"]
[SourceTitle "CBM 122"]
[Source "ChessBase"]
[SourceDate "2008.01.30"]
[SourceVersion "1"]
[SourceVersionDate "2008.01.30"]
[SourceQuality "1"]

1. d4 Nf6 2. c4 e6 3. Nf3 d5 4. Nc3 c6 5. e3 Nbd7 6. Bd3 dxc4 7. Bxc4 b5 8. Bd3
Bb7 9. e4 b4 10. Na4 c5 11. e5 Nd5 12. O-O cxd4 13. Re1 g6 14. Bg5 Qa5 15. Nd2
{This line was examined by GM Christopher Lutz in several CBM issues, most
recently in CBM 111, annotations to Dreev-Harikrishna.} Rc8 (15... Ba6 {
is the classical main line. However, White sacrifices a piece by means of} 16.
Nc4 Bxc4 17. Bxc4 Bg7 18. Qxd4 $1 Qxa4 19. Bxd5 exd5 20. Qxd5 {, and this
position is quite dangerous for Black. Here are some recent examples:} Nb6 21.
Qd6 Qd7 22. Qxb4 Bf8 23. Qh4 $1 Bg7 (23... Be7 24. Bf6 h6 25. e6 fxe6 26. Rad1
Nd5 27. Bxe7 Qxe7 28. Qe4 $16 {1/2-1/2 Muir,A-Bryson,D/Cumbernauld SCO 2007/
The Week in Chess 622 (35)}) 24. Rad1 Qa4 25. Rd4 Qxa2 26. Be7 $1 Qe6 27. Bb4
Bf8 (27... a5 28. Red1 f6 29. Bc5 Rb8 30. Rd6 Qxe5 31. Rxb6 Rxb6 32. Qa4+ Kf7
33. Qd7+ Kg8 34. Qc8+ Kf7 35. Rd7+ Ke6 36. Rd8+ {1-0 Radziewicz,I-Muir,A/
Budapest 2006/CBM 110 ext}) 28. Qf6 Rg8 29. Rd6 $1 Qf5 30. Rxb6 Qxf6 31. exf6+
Kd7 32. Ra1 $1 Kc7 33. Rb5 Kc6 34. Raa5 Rd8 35. Be1 $1 $16 {1/2-1/2 Dreev,
A-Harikrishna,P/Khanty Mansiysk 2005/CBM 111/[Lutz] (61)}) 16. Nc4 (16. Ne4
$143 h6 $1 (16... Nxe5 $143 17. Bf1 Be7 $6 (17... Nd7 18. Qxd4 $44) 18. Qxd4
Bxg5 19. Nd6+ $1 (19. Bb5+ $2 Bc6 20. Qxe5 O-O 21. Bxc6 Rxc6 22. Qxg5 Qxa4 $17
{0-1 Kryschilovskij,A-Yevseev,D/St Petersburg 2005/CBM 106 ext (49)}) 19... Kd7
20. Qxe5 Bf4 21. Nxb7 Qxa4 22. Qxh8 $1 $18 {Quezada,Y}) 17. Bh4 g5 18. Bg3 Nf4
19. b3 Nxe5 20. Nf6+ Ke7 21. Be4 Bxe4 22. Nxe4 Qd5 $17 {Quezada,Y-Fernandez,A/
Cuba 2006/Inf 97/[Quezada,Y]}) 16... Rxc4 $1 {[%mdl 512] This exchange
sacrifice is the the idea of 15...Rc8.} 17. Bxc4 Bg7 {[%csl Re5]} 18. Rc1 Nxe5
$1 (18... O-O $143 $2 19. Bb3 $1 Bxe5 20. Rxe5 Nxe5 21. Nc5 Bc8 22. Qxd4 Nc6
23. Qh4 $40 f6 24. Bh6 g5 25. Qe4 f5 26. Qe1 Rd8 27. Nb7 Bxb7 28. Qxe6+ Kh8 29.
Bxd5 {1-0 Petrosian,T-Kosteniuk,A/Moscow 2006/CBM 112}) 19. Bf1 $146 {An
attempt at improvement on the previous games, which were hardly satisfactory
for White as far as the outcome of the opening was concerned:} (19. Rxe5 $6
Bxe5 20. Qe2 Nc7 21. Bh6 Bd6 22. Bb3 Qf5 23. Rd1 Ke7 24. Rxd4 Rd8 25. Rd1 Nd5
26. g4 Nf4 27. gxf5 Nxe2+ 28. Kf1 Ba6 $19 {0-1 Carlsen,M-Karjakin,S/Bilbao ESP
2007/The Week in Chess 676 (42)}) (19. Nc5 Qxc5 20. Ba6 Nc3 $4 (20... Qb6 21.
Bxb7 Qxb7 22. Qa4+ Nd7 23. Qb5 N5b6 24. Qxb4 Bf6 $1 {parrying White's attack})
21. Bxb7 {1-0 Hansen,L-Palac,M/Crete GRE 2007/The Week in Chess 678}) (19. Bb3
Nd7 20. Bd2 O-O 21. a3 Rb8 22. Qe2 Ba6 23. Qd1 Bb7 24. Qe2 Nc3 $5 25. bxc3 bxc3
26. Bf4 Rd8 27. Bd6 Nb6 $13 {1/2-1/2 Rainer Zufall,R-Klosterfrau/playchess.com
INT 2006/EXT 2007 (43)}) 19... Nd7 20. a3 O-O 21. Bd2 Rb8 22. Qb3 Ba8 23. Rc4
Ne5 24. Rc5 Qd8 25. axb4 {White has eventually won this pawn but Black has no
problems due to his strong centralization.} d3 $1 26. Qd1 Nd7 {Black starts
repeating moves. Instead, he could have continued fighting for a win by means
of} (26... Qh4) 27. Rc4 Ne5 28. Rc5 {Accepting the silent draw offer.} (28.
Rce4 $6 Qd6 29. Nc5 Rd8 {[%csl Re4] is too risky.}) 28... Nd7 29. Rc4 Ne5
1/2-1/2